Films d'Europe centrale par images - Statistiques

Statistiques générales
  • Ce quiz a été pris 7 fois
  • Le résultat moyen est 5 sur 16
Statistiques - réponses
Par images Réponse % Correct
Le Pianiste
100%
Funny Games
83%
Alice
50%
Ida
50%
La Double Vie de Véronique
50%
Les Petites Marguerites
50%
Le Tango de Satan
50%
Au feu, les pompiers !
17%
Cendres et diamant
17%
La Clepsydre
17%
Les Sans-espoir
17%
La Main
0%
Le Miroir aux alouettes
0%
Trains étroitement surveillés
0%
Unsere Afrikareise
0%
Walkower
0%
Aucun quiz correspondant
Distribution des résultats
% des personnes avec chaque résultat
Percentile par nombre de réponses
Votre historique - résultats
Vous n’avez pas pris ce quiz